Intervención de la familia en el cuidado del adulto mayor en la localidad 3 : (Registro nro. 4063)

Detalles MARC
000 -LEADER
fixed length control field 02037nam a2200313 4500
005 - DATE AND TIME OF LATEST TRANSACTION
control field 20250329165435.0
008 - FIXED-LENGTH DATA ELEMENTS--GENERAL INFORMATION
fixed length control field 190730s2020 000 0 eng d
040 ## - CATALOGING SOURCE
Original cataloging agency CO-CtgCURN
Language of cataloging spa
Transcribing agency coctgcurn
041 0# - LANGUAGE CODE
Language code of text/sound track or separate title spa
082 0# - DEWEY DECIMAL CLASSIFICATION NUMBER
Classification number ENF 2020
Item number S487
100 1# - MAIN ENTRY--PERSONAL NAME
Personal name Serrano Macías, Katris Daniela.
245 10 - TITLE STATEMENT
Title Intervención de la familia en el cuidado del adulto mayor en la localidad 3 :
Remainder of title Cartagena, Bolívar 2019 /
Statement of responsibility, etc. Katris Daniela Serrano Macías; Kelly Paola Hernández Herrera ; Yem Andrés Julio Julio; Alejandra Quintana Espinosa Asesores: Moraima del Toro Rubio; Zorayda Barrios Puerta.
260 ## - PUBLICATION, DISTRIBUTION, ETC.
Place of publication, distribution, etc. Cartagena de Indias :
Name of publisher, distributor, etc. Corporación Universitaria Rafael Núñez,
Date of publication, distribution, etc. 2020.
300 ## - PHYSICAL DESCRIPTION
Extent 118 hojas.
336 ## - CONTENT TYPE
Source rdacontent
Content type term text
Content type code txt
337 ## - MEDIA TYPE
Source rdacarrier
Media type term sin mediacion
Media type code n
338 ## - CARRIER TYPE
Source rdacarrier
Carrier type term volumen
Carrier type code nc
502 ## - DISSERTATION NOTE
Dissertation note Trabajo de grado (Enfermeria). Corporacion Universitaria Rafael Nuñez. Facultad de Ciencias de la salud. Enfermeria, 2020.
520 ## - SUMMARY, ETC.
Summary, etc. "En un contexto de persistente envejecimiento poblacional la temática del cuidado en adultos mayores cobra especial relevancia. Es precisamente en este estadio de la vida cuando se necesitan cada vez más atenciones que garanticen protección, rehabilitación (en caso de que sea necesario) y estmulo psicosocial. Es por esto que se debe conocer el modo en que la familia interviene proporcionando cuidados"
650 #0 - SUBJECT ADDED ENTRY--TOPICAL TERM
Topical term or geographic name entry element Enfermeria
Form subdivision Tesis y disertaciones academicas.
700 1# - ADDED ENTRY--PERSONAL NAME
Personal name Hernández Herrera, Kelly Paola.
700 1# - ADDED ENTRY--PERSONAL NAME
Personal name Julio Julio, Yem Andrés.
700 1# - ADDED ENTRY--PERSONAL NAME
Personal name spinosa Asesores, Alejandraio; Zorayda Barrios Puerta.
700 1# - ADDED ENTRY--PERSONAL NAME
Personal name Toro Rubio, Moraima del,
Relator term directora.
700 1# - ADDED ENTRY--PERSONAL NAME
Personal name Barrios Puerta, Zorayda,
Relator term directora.
856 ## - ELECTRONIC LOCATION AND ACCESS
Uniform Resource Identifier <a href="https://unicurn.sharepoint.com/:b:/s/biblioteca/EWXR58A7sadEhyvvyF9HoOUBQvtsg7Y7RGIPdqvEkzA5Ow?e=6hsuMx">https://unicurn.sharepoint.com/:b:/s/biblioteca/EWXR58A7sadEhyvvyF9HoOUBQvtsg7Y7RGIPdqvEkzA5Ow?e=6hsuMx</a>
Public note Click aqui para ver el recurso en texto completo
942 ## - ADDED ENTRY ELEMENTS (KOHA)
Koha item type Trabajos de grado
Classification part ENF 2020
Item part S487
Existencias
Withdrawn status Lost status Source of classification or shelving scheme Damaged status Not for loan Collection Home library Current library Shelving location Date acquired Source of acquisition Cost, normal purchase price Inventory number Total checkouts Full call number Barcode Date last seen Price effective from Koha item type
    Dewey Decimal Classification     Trabajos de grado Miguel Henríquez Emiliani Miguel Henríquez Emiliani Trabajo de grado 07/23/2019 el autor 35000.00 023256   ENF 2020 S487 023256 03/09/2020 03/09/2020 Trabajos de grado